[Event "Serbian-ch 29th"]
[Site "Sabac"]
[Date "1998.04.25"]
[Round "6"]
[White "Marciano, David"]
[Black "Tosic, Miroslav"]
[Result "0-1"]
[WhiteElo "2485"]
[BlackElo "2505"]
[Annotator "Hecht,H"]
[PlyCount "174"]
[EventDate "1998.04.20"]
[EventType "tourn"]
[EventRounds "13"]
[EventCountry "YUG"]
[EventCategory "9"]
[SourceTitle "CBM 065"]
[Source "ChessBase"]
[SourceDate "1998.08.06"]
[SourceVersion "1"]
[SourceVersionDate "1998.08.06"]
[SourceQuality "1"]

1. e4 e5 2. Nf3 Nc6 3. Nc3 Nf6 4. g3 Bc5 5. Bg2 d6 6. d3 a6 7. O-O h6 8. Be3
O-O 9. h3 Be6 10. d4 exd4 11. Nxd4 Nxd4 12. Bxd4 Bxd4 13. Qxd4 Bd7 14. Rfe1 Re8
15. e5 dxe5 16. Rxe5 c6 17. Rxe8+ Bxe8 18. Rd1 Qxd4 19. Rxd4 Kf8 20. Kf1 Ke7
21. Ke2 a5 22. Ke3 Bd7 23. Na4 Re8 24. Nb6 Kd8+ 25. Kd2 Kc7 26. Nxd7 Nxd7 27.
Rf4 Nf6 28. Bf1 Ne4+ 29. Kd1 Re7 30. Bd3 Nd6 31. a4 Re5 32. Kd2 Kd8 33. Rd4 Kc7
34. Rf4 Kd7 35. Rg4 g5 36. f4 Rd5 37. fxg5 hxg5 38. c4 Re5 39. h4 f6 40. Rd4
Ke6 41. h5 c5 42. Rd5 f5 43. h6 Rxd5 44. cxd5+ Kf6 45. g4 Kg6 46. Ke3 Kxh6 47.
gxf5 {[#] A lengthy endgame with a good blockading knight. On an empty board,
the bishop would clearly be stronger. Maneuvering. [#] Langwieriges Endspiel
mit einem guten Blockadespringer. Mit sich leerendem Brett wird der Läufer
freilich stärker. Lavieren.} Kg7 48. Kf3 Kf6 49. Kg4 Nf7 50. Kh5 Ne5 51. Bb1
Nc4 52. b3 Nd6 53. Kg4 c4 54. bxc4 Nxc4 55. Kh5 Nd6 56. Kg4 b5 57. axb5 Nxb5
58. Bc2 Nd6 59. Ba4 Nxf5 60. Kh5 Ng3+ 61. Kg4 Ne4 62. Bc2 Nd6 63. Kh5 Nf7 64.
Kg4 Ne5+ 65. Kh5 Nc4 66. Bb3 Nd6 67. Bc2 Nf5 68. Ba4 Nh6 69. Bb3 Nf7 70. Bc2
Ne5 71. Bd1 Kf5 72. d6 Kf4 73. Bb3 g4 74. Kh4 g3 75. Bd5 a4 76. Kh3 a3 77. Kg2
Nd7 78. Ba2 Nc5 79. Bc4 Ke5 80. Kxg3 Ne4+ 81. Kf3 Nxd6 82. Ba2 Kd4 83. Ke2 Kc3
84. Ke3 Nc4+ 85. Ke4 Nd2+ 86. Ke3 Nb3 87. Ke2 Nc1+ 0-1

[Event "Julian Borowski-B 2nd"]
[Site "Essen"]
[Date "2000.04.29"]
[Round "3"]
[White "Seul, Georg"]
[Black "Mainka, Romuald"]
[Result "0-1"]
[WhiteElo "2436"]
[BlackElo "2478"]
[Annotator "Lukacs,P"]
[PlyCount "72"]
[EventDate "2000.04.27"]
[EventType "tourn"]
[EventRounds "9"]
[EventCountry "GER"]
[EventCategory "10"]
[SourceTitle "CBM 077"]
[Source "ChessBase"]
[SourceDate "2000.07.27"]
[SourceVersion "1"]
[SourceVersionDate "2000.07.27"]
[SourceQuality "1"]

1. e4 e5 2. Nc3 Nf6 3. g3 Bb4 (3... d5 {is the other main continuation.}) 4.
Bg2 c6 {/\ d5} 5. Nge2 (5. a3 Ba5 6. b4 (6. Nge2 d5 $1 {is Black's main threat
in this variation.}) 6... Bb6 7. Nge2 d5 $1 8. d3 a5 9. bxa5 Rxa5 10. O-O dxe4
11. Nxe4 Nxe4 12. Bxe4 O-O 13. Bd2 Ra8 $15 {and White is worse on both flanks,
Pedersen-Barkhagen, Arhus Sommer 1995.}) (5. d4 d5 $1 {This counterattack is
the clearest way for equalization.} (5... d6 {is rather passive, although
Black has already activated his dark-squared B.} 6. Nge2 Bg4 7. O-O (7. f3 Be6)
7... Bxc3 (7... Nbd7 8. Be3 Qc7 9. f3 Be6 10. a3 Ba5 11. d5 cxd5 12. exd5 Bf5
13. Nb5 Qb8 14. b4 Bb6 15. Bxb6 Nxb6 16. f4 $13 {Watson-Shwidler, Beersheba
1987}) 8. bxc3 O-O $13) (5... Qa5 6. Nge2 d5 7. exd5 ({The light-hearted} 7.
O-O $6 {may pose some problems for White.} dxe4 8. a3 Bxc3 9. Nxc3 Bf5 10. Re1
O-O 11. Nxe4 Bxe4 12. Bxe4 exd4 13. b4 Qb6 14. Bf5 c5 15. Qd3 {
(Spangenberg-Freire), Wch U16 Mamaia 1991} cxb4 16. axb4 Nc6 $15) 7... Nxd5) 6.
exd5 (6. dxe5 Nxe4 7. Bxe4 dxe4 8. Qxd8+ Kxd8 9. Bd2 Bf5 10. O-O-O Nd7) 6...
Nxd5 {- Wahls-Ivanchuk, FIDE-Wch k.o. 1999 CBM 72}) 5... d5 $142 {Black has to
attack the [+] quickly using the pin on the e1-a5 /^.} (5... O-O 6. O-O d5 7.
d4 $5 (7. exd5 cxd5 8. d4 exd4 9. Qxd4 (9. Nxd4 {- 5...d5}) 9... Nc6 {winning
an important tempo. Black's isolated P is compensated by the well-developed
pieces.} 10. Qd3 Bxc3 11. Qxc3 (11. Nxc3 Nb4 12. Qd1 Bf5 {>< c2}) 11... Re8 12.
Nd4 Qb6 (12... Ne4 $6 {allows White to liquidate for a better _|_ after} 13.
Nxc6 $1 Nxc3 14. Nxd8 Ne2+ 15. Kh1 Rxd8 16. Be3 d4 17. Bd2 Bf5 18. Bxb7 Rab8
19. Bf3 d3 20. cxd3 Rxb2 (20... Nd4 21. Be4 Bh3 22. Rfc1 $16 {is even worse,
Arakhamia-Maric, FIDE Candidates (Women) 1997.}) 21. Be3 Bxd3 22. Bxa7 $14) 13.
Nxc6 (13. Be3 Ne4 $132) 13... Qxc6 $11) 7... exd4 8. Qxd4 c5 9. Qd1 (9. Qd3 c4)
9... dxe4 10. Qxd8 {White has to play carefully.} (10. Nxe4 $6 Nxe4 11. Qxd8 (
11. Bxe4 $2 Qe7 12. Qd3 Re8 $1 13. Bxh7+ Kh8 14. c3 c4 $1 15. Qc2 Qxe2 16. cxb4
Qxf1+ {0:1 Worotnikov-I.Ivanov, SU 1977}) 11... Rxd8 12. Bxe4 Nd7 $11) 10...
Rxd8 11. Bg5 Bg4 12. Bxf6 gxf6 13. Bxe4 Nc6 14. a3 Bxc3 15. Nxc3 {with only
slightly better chances because of the weaknesses in Black's P structure.}) 6.
exd5 (6. O-O {allows Black to gain space in the [+] after} d4 $15) (6. d4 Nxe4
7. dxe5 Nxc3 8. bxc3 Bc5 $132) 6... cxd5 7. d4 (7. O-O {is weaker because of
the advance in the [+]} d4 8. Ne4 Nxe4 9. Bxe4 O-O $15) 7... exd4 8. Nxd4 O-O
9. O-O Bxc3 {Now White's P structure is also corrupted.} (9... Nc6 $6 10. Bg5
Be7 {This is a sad retreat. Now White has a good play against the isolated P.}
11. Re1 h6 12. Rxe7 $1 {A bold from the blue!} (12. Bf4 Bc5 13. Be3 Bb6 $11 {
Sanz-Beliavsky, Alicante 1978}) 12... Nxe7 (12... hxg5 $6 13. Re1 Bg4 14. Qd2
Qb6 15. Nxc6 bxc6 16. Na4 Qb5 17. b3 Bf5 18. Re5 Ne4 19. Qd4 g6 20. g4 f6 21.
Re7 $16 {Konstantinopolski-Brglez, corr 1980-82}) 13. Bxf6 gxf6 14. Qh5 $44)
10. bxc3 Qa5 (10... Nbd7 11. Bf4 $5 {It is not easy to decide which is the
best /^ for the B.} (11. Ba3 Re8 12. Re1 (12. Nb5 $2 Qa5 $17) 12... Ne5 $13)
11... Nb6 12. Nb5 Bf5 13. Nd6 Be4 14. Bh3 $5 {White is pushing too hard.} Nc4
15. Nxe4 Nxe4 16. Qd4 Qa5 17. Rfe1 {(Mariotti-Korchnoi, Rom 1982)} Nxc3 $1 18.
Bf1 (18. Re7 Rfe8) 18... Rac8 $15) 11. a4 $1 $146 {White is not defending his
weaknesses, but creates counterplay on the << threatening with Nb5.} (11. Qd3
Nbd7 {and Black can win tempi by attacking the exposed Q.} 12. Bf4 Nc5 13. Qb5
(13. Qe3 $6 Re8 14. Qc1 Bd7 15. Qb2 Rac8 $17 {Worotnikov-Slotnik, Daugavpils
1978}) 13... Qxc3 $1 14. Bd6 b6 $1 15. Bxf8 (15. Ne2 Qxc2 16. Bxf8 Ba6) 15...
Ba6 16. Qb1 Bxf1 17. Bxg7 Kxg7 18. Nf5+ Kh8 19. Qxf1 Re8 20. Qd1 Qe5 $13) 11...
Bg4 $6 (11... Qxc3 12. Ba3 Re8 13. Nb5 $44 {gives a strong pressure on the
dark squares for the P.}) (11... Re8 $11 {was the best reply.}) 12. f3 (12. Qd3
{allows Black to win tempi again.} Rc8 $1 (12... Re8 13. c4 dxc4 14. Qxc4 Nc6
$1 {leads to mass exchanges} 15. Nxc6 bxc6 16. Bxc6 Be2 17. Qf4 Bxf1 18. Bd2 (
18. Bxa8 $4 Qe1 $19) 18... Qc5 19. Bxa8 Rxa8 20. Rxf1 Qxc2 $11 {with a dead
draw.}) 13. Bd2 (13. Bb2 Nbd7) 13... Nc6 14. c4 Qc5 $1 15. Nxc6 dxc4 $1 $15)
12... Bh5 (12... Bd7 13. Bg5 $5 Qxc3 14. Bxf6 {corrupting Black'a >> P
formation.} gxf6 15. Nb3 (15. Re1 Nc6) 15... Bc6 (15... Nc6 16. Qxd5 Be6 17.
Qc5 $14) 16. f4 $44) 13. g4 $1 (13. Qd3 Bg6) 13... Bg6 14. g5 (14. h4 $5 {
deserved serious attention.} Qxc3 $1 15. Ba3 (15. Ra3 $2 {doesn't win a piece
because of} Qc5 16. h5 Bxc2 $1 $19) 15... Re8 16. h5 Nxh5 17. gxh5 Bxh5 18. Nb5
Qc6 19. Qd4 $14 {with very active white pieces.}) 14... Nfd7 15. c4 (15. Rb1
Nb6) 15... Re8 (15... dxc4 $6 {gives White free hand on the >>.} 16. f4 $1 Nc5
17. f5 Bh5 18. Qxh5 Qc3 19. Ra3 $1 Qxd4+ 20. Be3 Qe5 21. Qh4 $16 {with ^^ and
good attacking chances.}) (15... Nc6 $5 16. Nxc6 bxc6 17. f4 Qc3 18. Ra3 Qxc2
19. Qxc2 Bxc2 20. cxd5 cxd5 21. Bxd5 Rac8 22. Be3 Rc7 23. Rc1 {with ^^ and a
nasty pin on the c <->.}) 16. Ba3 (16. f4 $1 {was stronger} Qc3 (16... Be4 17.
Re1 Qc3 18. Rb1 Qxc4 19. Nf5 Qc5+ (19... Qxa4 20. Bb2 $40) 20. Be3 Qxc2 21.
Bxe4 Qxd1 22. Rexd1 dxe4 (22... Rxe4 23. Rxb7 $16) 23. Rxb7 $16) 17. Ra3 Qxc4
18. f5 Bh5 19. Qxh5 Qxd4+ 20. Kh1 $16) 16... Nb6 17. cxd5 (17. c5 $2 Nc4 $19)
17... Nxd5 18. Nb3 Qb6+ 19. Bc5 Qc6 20. f4 (20. Qd2 Na6) 20... Be4 $1 $11 {
exchanging White's strong B Black has chances for blockading the light squares.
} 21. Bxe4 Rxe4 22. Qd3 Re8 23. Rad1 Nc7 24. Qd6 (24. Bd4 Nba6 $15) 24... Ne6
25. Rfe1 Qxd6 26. Bxd6 Nc6 27. Nc5 $2 ({The _|_ was still playable after} 27.
Kf2 {White has to come with his K in the _|_.} Rad8 28. h4 f5 (28... g6 29. Nc5
Nxc5 30. Bxc5 b6 31. Ba3 Rxe1 32. Rxe1 $11) 29. h5 Kf7 30. Rd5 g6 31. Red1 $11)
27... Nxc5 28. Bxc5 Rxe1+ 29. Rxe1 Rd8 {Now White's pawns are very weak.} 30.
f5 f6 $1 31. gxf6 gxf6 32. c4 Kf7 33. Re4 Rg8+ 34. Kf2 Rg5 35. Rf4 Ne5 36. Kf1
$4 {[%mdl 8192] [#] This is a serious blunder.} (36. Ke3 b6 37. Bd6 {was still
playable.}) 36... Nd3 0-1

[Event "Corus"]
[Site "Wijk aan Zee"]
[Date "2001.01.14"]
[Round "2"]
[White "Morozevich, Alexander"]
[Black "Timman, Jan H"]
[Result "1/2-1/2"]
[WhiteElo "2745"]
[BlackElo "2629"]
[Annotator "Lukacs,P"]
[PlyCount "146"]
[EventDate "2001.01.13"]
[EventType "tourn"]
[EventRounds "13"]
[EventCountry "NED"]
[EventCategory "19"]
[SourceTitle "CBM 081"]
[Source "ChessBase"]
[SourceDate "2001.03.20"]
[SourceVersion "1"]
[SourceVersionDate "2001.03.20"]
[SourceQuality "1"]

1. e4 e5 2. Nc3 Nf6 3. g3 Bb4 4. Bg2 Bxc3 $5 5. bxc3 O-O 6. Ne2 d5 $146 {
[%mdl 8] Black wants to invade the [+]. However this opens the position and
White has a ^^.} (6... b6 {keeping the position closed was the old variation.}
7. d3 {/\ c4 is another P structure, where White's << is not weakened.} (7. d4
d6 {Now White grabs the |^ in the [+], but his << remains irreversibly
weakened.} 8. O-O Bb7 9. f3 Nbd7 10. g4 {/\ Ng3 with |^ on the >>.} Re8 11. Ng3
h6 (11... Nf8 {allows White to gain space on the >>.} 12. g5 N6d7 13. f4 exf4
14. Bxf4 Ne6 15. Be3 (15. Qh5 $5 {<-> f}) 15... g6 16. h4 c5 17. d5 Nef8 $13 {
Schoeneberg-Plachetka, DDR-CSR Erfurt 1972}) 12. g5 {With a fianchettoed B
this sort of -> doesn't seem to be very prospectful.} (12. Re1 d5) 12... hxg5
13. Bxg5 Nf8 14. f4 N8h7 {successfully defending the position.}) 7... Bb7 8. c4
c6 {Black probably wanted to continue this move with d5, but he changed his
mind.} 9. O-O d6 {but now 8...c6 was not very useful.} 10. f4 Nbd7 11. h3 {
/\ Be3, g4, Ng3} Ne8 12. Be3 Nc7 13. g4 exf4 14. Nxf4 Ne6 15. Qe1 Nxf4 16. Bxf4
Ne5 17. Qg3 Qe7 18. h4 Rad8 19. h5 c5 20. g5 $14 {with space advantage and
pressure on the >>, Sax-Gligoric, Novi Sad 1976.}) 7. exd5 Nxd5 8. O-O (8. d4 {
occupies the [+], but leaves weaknesses behind.} exd4 9. cxd4 Re8 10. O-O Bg4 {
provoking the weakening move} 11. f3 {and then} Bf5 $132) 8... Nc6 9. Rb1 (9.
d4 {is again met by} Bg4 $13) 9... Qd6 ({or} 9... Re8 $5) 10. c4 (10. d4 Rd8
11. Re1 Nb6 {with a nasty pressure on >< d4 and c4.}) 10... Nf6 11. Rb3 $6 {
This is the beginning of a sophysticated plan.} (11. d3 Rd8 $11) 11... Re8 12.
Ba3 Qd7 {/\ b6, Bb7 finishing the development.} 13. Nc3 (13. d3 b6 14. Bb2 Bb7)
13... Nd4 {Now Black is rather strong in the [+], and White's ^^ doesn't work
together.} 14. Rb1 c6 {/\ Qc7 and developing the B on the h3-c8 /^.} 15. d3 Qc7
16. h3 Bf5 {Black's pieces are ideally posted, especially the N on d4 is
strong.} 17. Bc5 (17. Kh2 Rad8 18. Re1 Nxc2 $1) (17. g4 Bg6 18. Re1 Rad8) 17...
h5 $1 {securing the space advantage and threatening sometimes by h5-h4.} 18.
Bxd4 exd4 19. Ne2 Rad8 $1 {Black still has his space advantage, and White had
to give up his ^^ for the excellent centralized N.} (19... Qd7 20. Nf4) 20. Qd2
h4 $5 {This push was successful in the game, but the modest} (20... Re7 $15 {
was objectively better.}) 21. gxh4 $2 {ruining his own P structure.} ({There
was nothing wrong with} 21. g4 $1 Bc8 (21... Bxg4 22. hxg4 Nxg4 23. Qf4 $1) (
21... Nxg4 $5 22. hxg4 Bxg4 23. Qf4 $1 Qd7 24. Rxb7 $1 Qxb7 25. Qxg4) 22. Rfe1
$11) 21... Bc8 (21... Qd7 $5 22. Nf4 (22. Rfe1 $2 Bxh3 23. Bxh3 Qxh3 24. Rxb7
Ng4 $17) (22. Kh2 Re7 $44) 22... b6 23. Rfe1 c5 $44) 22. Ng3 (22. Rfe1) 22...
Re5 23. Kh2 $2 {This is a completely useless move.} (23. Rfe1 Rde8 24. Rxe5
Qxe5 25. Qg5 {was certainly better.}) 23... Rh5 $1 $17 24. Kg1 {Sad, but true.}
(24. Rfe1 Rxh4 25. Qg5 Rh5 {and the Q has to retreat.}) 24... Rxh4 {>< h3} 25.
Qg5 Rh6 26. Rfe1 {White has to give the h P.} (26. Kh2 {is useless because of}
Ng4+ 27. Kg1 Ne5 $17) 26... Bxh3 27. Bxh3 Rxh3 28. Kg2 Rh6 {Black is a healthy
P up.} 29. Rh1 Rg6 30. Qh4 Rh6 31. Qg5 Rg6 32. Qh4 Kf8 {Certainly Timman is
playing for a win.} 33. Rbe1 c5 34. Qh8+ Ng8 {Now the black K is safe.} 35. Rh7
Qc6+ 36. Kg1 Qf3 (36... Re8 $1 {was simpler:} 37. Rxe8+ (37. Rb1 Re2) 37...
Qxe8 $19) 37. Rh3 b6 38. Kf1 Rg4 39. a4 g6 (39... Rg6) 40. a5 Rd6 (40... bxa5 {
is already giving some counterchances for White:} 41. Qe5 $1 Qc6 42. Rh7 $132)
41. axb6 (41. Rh7 Qf6 $17) 41... Rf6 42. Qxg8+ {White 's hopes are connected
with the R _|_, where the drawing chances are always high.} (42. Re2 $5 Rxb6 (
42... axb6 43. Rh7 $1 $18) 43. Qe5 $1 (43. Rh7 Qf6) 43... Rb1+ 44. Re1 Rxe1+
45. Kxe1 {and at least the Q is very active.} (45. Qxe1 Rf4 $19)) 42... Kxg8
43. Re8+ Kg7 44. Nh5+ gxh5 45. Rxf3 Rxb6 (45... axb6 46. Rxf6 Kxf6 47. Rb8 h4
48. Rxb6+ Kg7 49. Rb1 Kg6 (49... h3 50. Ke2) 50. Ke2 Rf4 51. Rg1+ Kf6 $15 {
and the o^ h4 is strong.}) 46. Re7 Rf6 47. Rh3 (47. Rxf6 Kxf6 48. Rxa7 h4 $15 {
is similar to the previous note.}) 47... Rgf4 48. Rh2 a6 49. Re8 {Now Black
has already two passed pawns, but it is difficult to push them.} R4f5 50. Rg2+
Kh7 51. Rc8 h4 52. Kg1 h3 53. Rgg8 h2+ (53... Rg6+ 54. Rxg6 fxg6 55. Rc6 Kh6
56. Rxa6 Kh5 57. Re6 g5 58. Re4 g4 59. Re8 $11) 54. Kxh2 Rxf2+ 55. Rg2 R2f5 56.
Rgg8 Re6 57. Rh8+ Kg7 58. Rcg8+ Kf6 59. Rh6+ Ke5 60. Rxe6+ Kxe6 (60... fxe6 61.
Kg1) 61. Ra8 Ke5 (61... Rf2+ 62. Kg3 Rxc2 63. Rxa6+ Ke7 64. Ra7+ $11) 62. Kg3
$11 {Now White can simply hold the _|_ because of his active R.} (62. Rxa6 Kf4)
62... Rf6 63. Rd8 Rd6 64. Rc8 Rg6+ 65. Kf3 Rf6+ 66. Kg4 Kd6 67. Kg3 Re6 68. Kf3
Re1 69. Ra8 Ra1 70. Ke4 Re1+ 71. Kf4 Ra1 72. Ke4 Re1+ 73. Kf4 Ra1 1/2-1/2

[Event "Najdorf Memorial Great fin"]
[Site "Buenos Aires"]
[Date "2000.09.16"]
[Round "4.2"]
[White "Zarnicki, Pablo Adrian"]
[Black "Bologan, Viktor"]
[Result "1/2-1/2"]
[WhiteElo "2488"]
[BlackElo "2641"]
[Annotator "Lukacs,P"]
[PlyCount "56"]
[EventDate "2000.09.09"]
[EventType "k.o."]
[EventRounds "4"]
[EventCountry "ARG"]
[SourceTitle "CBM 079"]
[Source "ChessBase"]
[SourceDate "2000.11.21"]
[SourceVersion "1"]
[SourceVersionDate "2000.11.21"]
[SourceQuality "1"]

1. e4 e5 2. Nc3 Nf6 3. g3 c6 (3... d5 4. exd5 Nxd5 {is the old main line.}) 4.
d4 Bb4 {This pin is Black's main idea in this variation.} (4... exd4 $6 {
develops quickly White's pieces.} 5. Qxd4 {It is not easy to chase the
centralized Q because of c6.} d5 6. Bg5 $1 (6. Bg2 Be6 7. exd5 cxd5 {creates
an isolated P, but Black's development is too quick.} 8. Nge2 Nc6 9. Qd1 Bc5 {
with a successful fight for >< d4.} 10. O-O O-O 11. Na4 Be7 12. Be3 Qa5 13. c3
{Now the N on a4 is off-side.} Ne5 14. b4 Qc7 15. Bc5 Bg4 16. f3 Bd7 17. Bxe7
Bxa4 18. Qxa4 Qxe7 $15 {J.Pedersen-V.Mikhalevski, Europa-ch Saint Vincent ITA
2000}) 6... Be7 7. O-O-O c5 8. Qa4+ Bd7 9. Bb5 d4 10. e5 $1 {No retreat!} Ng4
11. Bxe7 Qxe7 12. Nd5 Qd8 13. Bxd7+ $16 {W.Watson-Show, London Lloyds 1993}) 5.
Bg2 d5 $1 {Black has to play in the [+].} 6. exd5 (6. dxe5 Nxe4 7. Nge2 (7.
Bxe4 dxe4 (7... Bxc3+ {comes into consideration as well, because of the ^-.} 8.
bxc3 dxe4 9. Qxd8+ Kxd8 10. Ba3 Be6 11. f4 Nd7 12. Bd6 Nb6 13. Ne2 Nc4 14.
O-O-O Bd5 15. Bc5 Kc7 16. Rhe1 {(Ackermann-Naes, FS IM Budapest 2000)} b6 $15 {
and the B cannot find his place.}) 8. Qxd8+ Kxd8 9. Bd2 Bf5 10. O-O-O Nd7 $11)
7... O-O 8. O-O Bxc3 9. Nxc3 Nxc3 10. bxc3 Re8 11. Re1 Nd7 {White has got the
^^, but his structural weaknesses deprive him to exploit it.} 12. f4 {Black
has to blockade the position on the light squares.} Qa5 (12... Nb6 $5 {/\ Nc4})
13. Be3 Nf8 (13... Qxc3 $5 {looks brave, but deserves attention, for example:}
14. Bd4 Qc4 15. f5 c5 16. Bb2 d4) 14. g4 Ng6 15. Bf1 (15. h3 f5) 15... Qd8 16.
h3 f5 17. exf6 (17. g5 Be6) 17... Qxf6 18. Qd4 Qd6 19. Bd2 Bd7 20. c4 $14 {
GeurinkVan den Doel, NED-chT Leewarden 2000}) 6... Nxd5 7. Bd2 $6 {This seems
to be rather passive.} (7. Nge2 Nxc3 (7... exd4 8. Qxd4 O-O 9. Bxd5 (9. O-O
Nxc3 $11) 9... Qxd5 10. Qxd5 cxd5 $11 {because Black's ^^ fully compensates
the isolani.}) 8. bxc3 Bd6 9. O-O Nd7 10. Re1 (10. f4 $6 {clearly
overestimates White's possibilities.} exd4 11. cxd4 O-O 12. c4 (12. Qd3 Re8 13.
Kh1 Nf6 14. f5 (14. Bd2 Bg4 15. Rae1 Qd7 16. f5 Re7 17. Nc3 Rxe1 18. Bxe1 Re8
19. Bd2 Bb4 $1 {The weaknesses in White's camp begin to tell.} 20. Rf2 Qe7 $15
{Kholmov-Rosentalis, SU-FL Sverdlosk 1984}) 14... Qe7 15. Nc3 h6 $13) 12... Re8
) 10... O-O $11 {and Black keeps the important >< e5 in his hands.}) 7... Bxc3
8. bxc3 exd4 9. cxd4 O-O 10. Ne2 Re8 11. O-O Bg4 {closing the long /^.} 12. f3
Bf5 13. Nf4 (13. Re1 {- Wahls-Ivanchuk, FIDE-Wch k.o. 1999}) 13... Nd7 (13...
Na6 $5 {is also worthy of attention.} 14. c4 Nxf4 15. Bxf4 Nb4 16. Qd2 Nd3 17.
Be3 Qe7 18. Bf2 Qe6 $15 {>< d4,c4}) 14. Rf2 (14. Nxd5 cxd5 $15 {and a backward
P remains on the c <->.}) (14. c3 N7b6 $15 {>< c4}) (14. c4 Nxf4 15. Bxf4 Nb6
16. c5 {weakens the light squares.} Nc4 $15) 14... N7b6 15. Bf1 Nxf4 (15... Qf6
{looks also pretty strong, for example:} 16. c4 Ne3 17. Bxe3 Rxe3) 16. Bxf4 Qd5
(16... Nd5 17. Bd2 b5 $15 {strengthening the excellent position of the
blockading N on d5.}) 17. c3 Nc4 {This leads to ^- with good drawing chances
for White.} (17... Re6 18. Qb3 Rae8 19. Bc7 {allows White to simplificate
matters.} Qxb3 20. axb3 Nd5 21. g4 Bg6 22. Bg3 Nxc3 23. Rxa7 $11) (17... c5 $5
{was the best try keeping the tension.} 18. Rd2 (18. Rc1 Rac8) 18... cxd4 19.
cxd4 (19. Rxd4 Qc5 $15) 19... Rac8 $15 {and the isolated P is under strict
arrest.}) 18. Bxc4 Qxc4 19. Qb3 b5 $11 20. Qxc4 bxc4 {Now Black's small
advantage has vanished completely.} 21. Rb2 f6 22. Kf2 g5 23. Bd6 Bd3 24. Re1
Kf7 25. Rb7+ Kg6 26. Rxe8 Rxe8 27. Re7 Rxe7 28. Bxe7 Kf5 1/2-1/2